[Event "IRT VERANO 2007"]
[Site "Posadas Misiones"]
[Date "2007.02.03"]
[Round "7"]
[White "ALVAREZ, Miguel"]
[Black "OVIEDO, Horacio"]
[Result "0-1"]
[WhiteElo "2085"]
[BlackElo "2054"]
[PlyCount "34"]
[EventDate "2007.01.26"]
[Source "Silva Victor H."]
[SourceDate "2007.01.26"]

1. e4 c5 2. c3 b6 3. d4 Bb7 4. Bd3 Nf6 5. Qe2 cxd4 6. Nf3 dxc3 7. Nxc3 g6 8.
O-O Bg7 9. Rd1 O-O 10. e5 Ne8 11. Ne4 Nc7 12. Bg5 f6 13. Bc4+ Kh8 14. exf6 exf6
15. Nd6 Bxf3 16. Qxf3 fxg5 17. Qxa8 Nxa8 0-1